000 01147nam a2200229 i 4500
001 189609
003 SpMaBN
005 20230906223519.0
008 190625s1872 sp |||| | spa d
080 _a347.258
080 _a622.349.9(460.287 Almadén)
100 1 _aAnciola, Antonio Luis de.
_921407
245 1 0 _aRothschild y Figuerola :
_bartículos publicados en El Debate sobre el contrato de azogues hecho por el ministro de Hacienda D. Laureano Figuerola con la casa de los Sres. Rothschild /
_cpor D. Antonio Luis de Anciola.
260 _aMadrid :
_b[s.n.],
_c1872 (
_fImp. de El Debate, a cargo de J.M. Luengo)
300 _a43 p. ;
_c26 cm.
530 _aDisponible en formato digital.
600 3 4 _aRothschild (Familia)
_9154459
650 4 _aConcesiones administrativas.
_9146048
650 _aMinas de mercurio-
_zAlmadén.
_9167428
852 4 _aES-MaACL
_jL-32450(6)
_z- Enc. cart.
_z- Enc. en un vol. facticio, con tít. en el lomo de: España, geología: memorias varias, 3
_z- Legado Federico de Botella y de Hornos
856 4 _uhttp://bdh-rd.bne.es/viewer.vm?id=0000072782&page=1
_zBiblioteca Digital Hispánica
999 _c189609
_d189609